| 000 | 00868njm a2200265Ia 4500 | ||
|---|---|---|---|
| 001 | 20254 | ||
| 003 | IT-RoPAU | ||
| 005 | 20220918181127.0 | ||
| 008 | 131025s9999 xx 000 0 und d | ||
| 040 | _aIT-RoPAU | ||
| 040 | _cIT-RoPAU | ||
| 999 |
_c100221 _d100221 |
||
| 999 | _bn.d. | ||
| 100 |
_aBach Johann Sebastian _91136 |
||
| 100 |
_eAutore musica _91137 |
||
| 100 |
_gCodice autore musica SPICS: 9695 _91138 |
||
| 245 | _aJ.S. Bach | ||
| 250 | _a1a ed. | ||
| 260 | _aROMA | ||
| 260 |
_bSPICS RECORDS _c1982 [1a Ed.:1982] |
||
| 300 | _aMUSICASSETTA | ||
| 500 | _aMusica classica | ||
| 505 | _aCapriccio sopra la lontananza del fratello dilettissimo - Concerto brandeburghese N.6 in sib maggiore - Concerto brandeburghese N.1 in fa maggiore - Concerto brandeburghese N.2 in fa maggiore | ||
| 650 |
_aCLASSICA [CASSETTE] _eCodice MATERIA SPICS: 9951 _91139 |
||
| 942 |
_cMC _2ddc |
||